| 000 | 00477nam a2200169Ia 4500 | ||
|---|---|---|---|
| 008 | 230718s9999 xx 000 0 und d | ||
| 020 | _a9781846143007 | ||
| 041 | _aeng | ||
| 082 |
_a330.122 _bCAS |
||
| 100 |
_aCassidy J. _9136621 |
||
| 245 |
_aHow Markets Fail: _bThe Logic Of Economic Calamities |
||
| 260 |
_c2009 _bPenguin Group |
||
| 300 | _a390 | ||
| 365 |
_cRs. _b699.00 |
||
| 700 |
_aCassidy J. _9136621 |
||
| 906 |
_dO:0090613-Jul-2010B:412405-May-2010 _cGENRL _b139.8 |
||
| 999 |
_c325193 _d325193 |
||